Addition and Subtraction Word Problems - Statistics

General Stats
  • This quiz has been taken 1,151 times
  • The average score is 6 of 6
Answer Stats
Hint Answer % Correct
I buy 4 bananas, 41 apples, and 1 watermelon. How many pieces of fruit do I have? 46
100%
It costs $8 to watch Twilight. If I pay with $20, how much change will I receive? $12
98%
I have $20. I earn $7 mowing the lawn, but spend $10 on Miley Cyrus music. How much money do I have? $17
97%
Annie has 55 buttons. She loses 2, but buys 10 more. How many buttons does she now have? 63 buttons
96%
I have 20 M&Ms. My class has 6 students. I give 2 M&Ms to each student. How many M&Ms do I have left? 8 M&Ms
96%
Tim weighs 150 pounds. He goes on vacation and gains 7 pounds. He then loses 1 pound per week for 4 weeks. How much does he now weigh? 153 pounds
95%
No matching quizzes found
Score Distribution
Percent of People with Each Score
Percentile by Number Answered
Your Score History
You have not taken this quiz